Taylor Swift - Holy Ground Lyrics - Statistics

General Stats
  • This quiz has been taken 155 times
    139 since last reset
  • The average score is 241 of 281
Answer Stats
Answer % Correct
ground
100%
holy
100%
a
99%
and
99%
And
99%
I
99%
"I
99%
the
99%
we
99%
We
99%
go
97%
it
97%
It
97%
to
97%
was
97%
Was
97%
you
97%
you"
97%
Never
96%
stood
96%
there
96%
where
96%
looking
94%
right
94%
darling
93%
down
93%
in
93%
like
93%
Like
93%
good
91%
me
91%
New
91%
new
91%
all
90%
But
90%
day
90%
first
90%
for
90%
For
90%
my
90%
this
90%
just
88%
other
88%
that
87%
were
87%
when
87%
with
87%
had
86%
not
86%
on
86%
time
86%
took
86%
Took
86%
I'm
84%
your
84%
Back
83%
every
81%
If
81%
brand
80%
dress
80%
gonna
80%
of
80%
wanna
80%
way
80%
York
80%
away
78%
been
78%
don't
78%
fell
78%
got
78%
know
78%
page
78%
something
78%
we've
78%
apart
77%
city
77%
dance
77%
dancing
77%
lose
77%
perfect
77%
reminiscing
77%
room
77%
through
77%
usual
77%
'Cause
75%
girl
75%
need
75%
off
75%
ourselves
75%
see
75%
Spinning
75%
big
74%
light
74%
now
74%
Tonight
74%
face
72%
green
72%
guess
72%
made
72%
wide
72%
about
71%
already
71%
dust
70%
faster
70%
fit
70%
Lord
70%
than
70%
think
70%
we'd
70%
Yeah
70%
crowd
68%
poems
68%
rhyme
68%
sound
68%
coffee
67%
conversation
67%
story's
65%
alone
64%
joke
64%
door
61%
having
61%
how
61%
sometimes
61%
note
59%
While
59%
wonder
59%
glance
58%
skip
58%
left
57%
feeling
54%
noise
52%
block
43%
No matching quizzes found
Score Distribution
Percent of People with Each Score
Percentile by Number Answered
Your Score History
You have not taken this quiz since the last reset